| 000 | 00657nam a2200241Ia 4500 | ||
|---|---|---|---|
| 003 | OSt | ||
| 005 | 20191021112912.0 | ||
| 008 | 180305s2004||||ck aaaafr|||||||0 ||spa|d | ||
| 020 | _a84-9789-312-3 | ||
| 040 |
_apeliigp _bespañol _cpeliigp |
||
| 041 | _aspa | ||
| 082 | 0 | 4 |
_221 _aR/036/S3/2004/v.16 |
| 110 | 2 |
_91313 _aSalvat Editores |
|
| 245 | 1 | 3 | _aLa enciclopedia |
| 260 |
_aMadrid: _bMDS Books, _c2004. |
||
| 300 |
_a800 páginas: _bilustraciones; _c22 cm. |
||
| 505 | _aVolumen 16. pérez f. - puericia | ||
| 650 | 1 | 4 |
_9637 _aENCICLOPEDIAS |
| 650 | 2 | 4 |
_91314 _aMATERIAL DE REFERENCIA |
| 650 | 2 | 4 |
_91315 _aESPAÑOL |
| 910 | _aphc | ||
| 942 |
_cBK _2ddc |
||
| 999 |
_c12378 _d12378 |
||